| 000 | 01104nam a2200241Ia 4500 | ||
|---|---|---|---|
| 005 | 20240530110945.0 | ||
| 008 | 140319s2021 ua a g 000 0 ara d | ||
| 017 |
_bمصر. دار الكتب _a2020/20516 |
||
| 020 | _a9789776752580 | ||
| 040 |
_aGCL / _cGCL |
||
| 082 | 0 | 4 |
_221 _a001.42 _bع م |
| 100 | 0 | _aعاطف المعيطى | |
| 245 | 1 | 0 |
_aمناهج البحث العلمى وتطبيقاتها بالتخصصات النوعية لكتابة الابحاث العلمية ورسائلها : _bالفنون التطبيقية - الفنون الجميلة - التربية النوعية - التربية الفنية - التربية الموسيقية - التربية الرياضية / _cعاطف المعيطى |
| 250 | _aط. 1 | ||
| 260 |
_aالقاهرة : _bروابط للنشر وتقنية المعلومات، _c2021. |
||
| 300 |
_a222 ص. : _bايض ؛ _c24 سم. |
||
| 650 | 0 | 7 | _aالبحث |
| 650 | 0 | 7 | _aالبحث العلمى |
| 650 | 0 | 7 | _aمناهج البحث |
| 650 | 0 | 7 | _aطرق البحث |
| 942 |
_2ddc _cBK |
||
| 999 |
_c66897 _d66897 |
||